| 000 | 00348nam a2200145Ia 4500 | ||
|---|---|---|---|
| 008 | 230917s9999||||xx |||||||||||||| ||und|| | ||
| 040 |
_e136869 _aMAIN |
||
| 041 | _aEnglish | ||
| 082 | _a519.5 G643F | ||
| 100 | _aGoon, A M | ||
| 245 | 0 | _aFundamentals of statistics, V2 | |
| 260 |
_aCalcutta _bWorld Press _c1979 |
||
| 300 | _a558 p. | ||
| 942 | _cBK | ||
| 999 |
_c70390 _d70390 |
||